000 00567nam a2200205Ia 4500
003 GCL
008 140319s9999 xx 000 0 eng d
040 _aGCL /
_cGCL
082 0 4 _a616.860081
_bN H
100 1 _aNOWINSTI,JOSEPH
245 1 0 _aHUNFRY HEATS: OMNMEN, INTIMACY, SEFF ESTEEM, AND ADDICITION /
_cNOWINSTI,JOSEPH
260 _a[S.N] :
_bAN IMPRINT OF MACMILLAN TNC ،
_c1993
300 _a163 P
650 0 4 _aMENTAL HEALTH
650 0 4 _aRISK FACTORS
650 0 4 _aCOMPUTIVE BEHAVIOR
650 0 4 _aSULTANCE ALUSE
650 0 4 _aMEN
942 _2ddc
_cBK
999 _c22143
_d22143